000 00714nam a22002417a 4500
003 UA-OsUOA
001 78505
007 ta
008 20111013b un ||||| |||| 00| 0 ukr d
090 _a821.161.1
_bЭ95
942 _cBK
040 _aUA-OsUOA
_brus
_cUA-OsUOA
_dUA-OsUOA
245 _aЭхо великой любви
_bроманы
300 _a400 с.
955 _a3
041 _arus
080 _a821.161.1
020 _a5-319-01119-9
260 _aК.
_bУкраїна
_c1992
246 3 1 _aАльфред де Мюссе. Исповедь сына века; Жорж Санд. Она и он
_n
650 7 _a82 Література. Літературознавство
_2UDC
999 _c364823
_d364823